MARC details
| 000 -LEADER |
| fixed length control field |
03798cam a2200409 i 4500 |
| 001 - CONTROL NUMBER |
| control field |
17746889 |
| 003 - CONTROL NUMBER IDENTIFIER |
| control field |
OSt |
| 005 - DATE AND TIME OF LATEST TRANSACTION |
| control field |
20160422085056.0 |
| 008 - FIXED-LENGTH DATA ELEMENTS--GENERAL INFORMATION |
| fixed length control field |
130521s2013 dcua 000 0 eng d |
| 010 ## - LIBRARY OF CONGRESS CONTROL NUMBER |
| LC control number |
2013941001 |
| 020 ## - INTERNATIONAL STANDARD BOOK NUMBER |
| International Standard Book Number |
9780309287340 |
| 020 ## - INTERNATIONAL STANDARD BOOK NUMBER |
| International Standard Book Number |
0309287340 |
| 035 ## - SYSTEM CONTROL NUMBER |
| System control number |
(OCoLC)ocn854758370 |
| 040 ## - CATALOGING SOURCE |
| Original cataloging agency |
SEKU |
| 042 ## - AUTHENTICATION CODE |
| Authentication code |
lccopycat |
| 050 00 - LIBRARY OF CONGRESS CALL NUMBER |
| Classification number |
HT 391 |
| Item number |
.B4 2013 |
| 100 ## - MAIN ENTRY--PERSONAL NAME |
| Personal name |
Wessner, Charles W. |
| 245 00 - TITLE STATEMENT |
| Title |
Best practices in state and regional innovation initiatives : |
| Remainder of title |
competing in the 21st century / |
| Statement of responsibility, etc. |
Charles W. Wessner, Editor; Committee on Competing in the 21st Century: Best Practice in State and Regional Innovation Initiatives ; Board on Science, Technology, and Economic Policy, Policy and Global Affairs ; National Research Council of the National Academies. |
| 264 #1 - PRODUCTION, PUBLICATION, DISTRIBUTION, MANUFACTURE, AND COPYRIGHT NOTICE |
| Place of production, publication, distribution, manufacture |
Washington, D. C. : |
| Name of producer, publisher, distributor, manufacturer |
The National Academies Press, |
| Date of production, publication, distribution, manufacture, or copyright notice |
2013. |
| 300 ## - PHYSICAL DESCRIPTION |
| Extent |
xvi, 240 pages : |
| Other physical details |
illustrations ; |
| Dimensions |
23 cm |
| 336 ## - CONTENT TYPE |
| Content type term |
text |
| Content type code |
txt |
| Source |
rdacontent |
| 337 ## - MEDIA TYPE |
| Media type term |
unmediated |
| Media type code |
n |
| Source |
rdamedia |
| 338 ## - CARRIER TYPE |
| Carrier type term |
volume |
| Carrier type code |
nc |
| Source |
rdacarrier |
| 504 ## - BIBLIOGRAPHY, ETC. NOTE |
| Bibliography, etc |
Bibliography: pages 187-216. |
| 505 0# - FORMATTED CONTENTS NOTE |
| Formatted contents note |
Preface -- Executive Summary -- Innovation and Place-Based Economic Development -- Catalytic Role of Public Purpose Organizations -- Review of Selected State and Regional Practices -- Bibliography -- Annex A: Stanford and Silicon Valley -- Annex B: North Carolina's Research Triangle Park. |
| 520 ## - SUMMARY, ETC. |
| Summary, etc. |
""Most of the policy discussion about stimulating innovation has focused on the federal level. This study focuses on the significant activity at the state level, with the goal of improving the public's understanding of key policy strategies and exemplary practices. Based on a series of workshops and conferences that brought together policymakers along with leaders of industry and academia in a select number of states, the study highlights a rich variety of policy initiatives underway at the state and regional level to foster knowledge based growth and employment. Perhaps what distinguishes this effort at the state level is most of all the high degree of pragmatism. Operating out of necessity, innovation policies at the state level often involve taking advantage of existing resources and recombining them in new ways, forging innovative partnerships among universities, industry and government organizations, growing the skill base, and investing in the infrastructure to develop new technologies and new industries. Many of these initiatives are being guided by leaders from the private sector and universities. The objective of Best Practices in State and Regional Innovation Initiatives: Competing in the 21st Century is not to do an empirical review of the inputs and outputs of various state programs. Nor is it to evaluate which programs are superior. Indeed, some of the notable successes, such as the Albany nanotechnology cluster, represent a leap of leadership, investment, and sustained commitment that has had remarkable results in an industry that is actively pursued by many countries. The study's goal is to illustrate the approaches taken by a variety of highly diverse states as they confront the increasing challenges of global competition for the industries and jobs of today and tomorrow."--Publisher's description |
| 530 ## - ADDITIONAL PHYSICAL FORM AVAILABLE NOTE |
| Additional physical form available note |
Also available online. |
| 650 #0 - SUBJECT ADDED ENTRY--TOPICAL TERM |
| Topical term or geographic name as entry element |
Regional planning. |
| 650 #0 - SUBJECT ADDED ENTRY--TOPICAL TERM |
| Topical term or geographic name as entry element |
Regional economics. |
| 650 #0 - SUBJECT ADDED ENTRY--TOPICAL TERM |
| Topical term or geographic name as entry element |
Technological innovations |
| General subdivision |
Economic aspects. |
| 710 2# - ADDED ENTRY--CORPORATE NAME |
| Corporate name or jurisdiction name as entry element |
National Research Council (U.S.), |
| Relator term |
sponsoring body. |
| 710 2# - ADDED ENTRY--CORPORATE NAME |
| Corporate name or jurisdiction name as entry element |
National Academy of Sciences, |
| Relator term |
sponsoring body. |
| 710 2# - ADDED ENTRY--CORPORATE NAME |
| Corporate name or jurisdiction name as entry element |
National Academy of Engineering, |
| Relator term |
sponsoring body. |
| 710 2# - ADDED ENTRY--CORPORATE NAME |
| Corporate name or jurisdiction name as entry element |
Institute of Medicine (U.S.), |
| Relator term |
sponsoring body. |
| 856 41 - ELECTRONIC LOCATION AND ACCESS |
| Materials specified |
National Academies Press |
| Uniform Resource Identifier |
<a href="http://www.nap.edu/catalog.php?record_id=18364">http://www.nap.edu/catalog.php?record_id=18364</a> |
| 942 ## - ADDED ENTRY ELEMENTS (KOHA) |
| Source of classification or shelving scheme |
Library of Congress Classification |
| Koha item type |
General circulation |